A student's manual of library and information science: (Record no. 153027)

MARC details
000 -LEADER
fixed length control field 00755nam a22001937a 4500
005 - DATE AND TIME OF LATEST TRANSACTION
control field 20180701132407.0
010 ## - LCCN (DPL NO)
LC control number B-218452
020 ## - INTERNATIONAL STANDARD BOOK NUMBER
International Standard Book Number 8176465593
Terms of availability 300.00
035 ## - SYSTEM CONTROL NUMBER
System control number B-218452
037 ## - SOURCE OF ACQUISITION
Source of stock number/acquisition B.R. Publishing Corporation.
082 ## - DEWEY DECIMAL CLASSIFICATION NUMBER
Classification number 020
100 ## - MAIN ENTRY--PERSONAL NAME
Personal name P.S.G.,Kumar
245 ## - TITLE STATEMENT
Title A student's manual of library and information science:
Remainder of title on the line of the NET syallbus of UGC
Statement of responsibility, etc by P.S.G. Kumar
260 ## - PUBLICATION, DISTRIBUTION, ETC. (IMPRINT)
Place of publication, distribution, etc Delhi
Name of publisher, distributor, etc B.R. Publishing Corporation.
Date of publication, distribution, etc 2006
270 ## - ADDRESS
Address 425, Nimri Colony, Ashok Vihar,Phase-1V, Delhi-110052
City Delhi
Postal code 110052
300 ## - PHYSICAL DESCRIPTION
Extent 1023p.
Dimensions 21cm(pb)
942 ## - ADDED ENTRY ELEMENTS (KOHA)
Source of classification or shelving scheme Dewey Decimal Classification
Item type English Books
Classification part 020
Call number suffix KUM
Holdings
Withdrawn status Lost status Not for loan Collection code Home library Current library Date acquired Full call number Barcode Cost, replacement price Koha item type
      Non-fiction Sarojini Nagar Sarojini Nagar 30/06/2018 020 KUM B-218452 300.00 English Books

© Delhi Public Library
Hit Counter
free hit counter